Los juegos florales de Sevilla en 1909 (Record no. 127950)

MARC details
000 -LEADER
campo de control de longitud fija 00925nam a2200229 4500
001 - NÚMERO DE CONTROL
campo de control 127950
003 - IDENTIFICADOR DE NÚMERO DE CONTROL
campo de control ES-MaACL
005 - FECHA Y HORA DE LA ÚLTIMA TRANSACCIÓN
campo de control 20251118153318.0
007 - CAMPO FIJO DE DESCRIPCIÓN FÍSICA--INFORMACIÓN GENERAL
campo de control de longitud fija t|
008 - DATOS DE LONGITUD FIJA--INFORMACIÓN GENERAL
campo de control de longitud fija 070214s1909 sp r ||||1| spa d
100 1# - ENTRADA PRINCIPAL--NOMBRE DE PERSONA
Nombre de persona Rivero de la Cuesta, Antonio.
9 (RLIN) 97695
245 14 - MENCIÓN DEL TÍTULO
Título Los juegos florales de Sevilla en 1909
Resto del título : con una dedicatoria a la Reina de la Fiesta y a la Corte de Amor /
Mención de responsabilidad, etc. Antonio Rivero de la Cuesta.
260 ## - PUBLICACIÓN, DISTRIBUCIÓN, ETC.
Lugar de publicación, distribución, etc. Madrid :
Nombre del editor, distribuidor, etc. [s. n.],
Fecha de publicación, distribución, etc. 1909 (
Fabricante Imp. de los hijos de Fuentenebro)
300 ## - DESCRIPCIÓN FÍSICA
Extensión 56 p. ;
Dimensiones 22 cm.
505 8# - NOTA DE CONTENIDO CON FORMATO
Nota de contenido con formato Contiene: Discurso de Angel M. Camacho, Presidente del Ateneo de Sevilla ; discurso del mantenedor, Mario Méndez Bejarano
700 1# - ENTRADA AGREGADA--NOMBRE PERSONAL
Nombre de persona Méndez Bejarano, Mario,
Fechas asociadas al nombre 1857-1931
9 (RLIN) 80142
700 1# - ENTRADA AGREGADA--NOMBRE PERSONAL
Nombre de persona Camacho, Angel M.
9 (RLIN) 33956
710 2# - ENTRADA AGREGADA--NOMBRE DE ENTIDAD CORPORATIVA
Nombre de entidad corporativa o nombre de jurisdicción como elemento de entrada Ateneo de Sevilla.
9 (RLIN) 2028
852 ## - LOCALIZACIÓN
Ubicación ES-MaACL
Número de control de estantería T-1201-F-4
852 ## - LOCALIZACIÓN
Ubicación ES-MaACL
Número de control de estantería L-4909 (16-1)
Nota libre .- Donativo Roda
Holdings
Estatus retirado Estado de pérdida Estado de daño No para préstamo Biblioteca de origen Biblioteca actual Ubicación en estantería Fecha de adquisición Fuente de adquisición Total de préstamos Signatura topográfica completa Código de barras Visto por última vez Precio de reemplazo Tipo de ítem Koha Colección
        Biblioteca del Ateneo de Madrid Biblioteca del Ateneo de Madrid Depósito 2 17/01/2008     L-4909 (16-1) 1133265 23/02/2023 23/02/2023 Libro impreso  
        Biblioteca del Ateneo de Madrid Biblioteca del Ateneo de Madrid Depósito folletos 17/01/2008     T-1201-F-4 1133264 23/02/2023 23/02/2023 Folleto Colección de folletos